<?xml version="1.0" encoding="UTF-8"?>
<record
    xmlns:xsi="http://www.w3.org/2001/XMLSchema-instance"
    xsi:schemaLocation="http://www.loc.gov/MARC21/slim http://www.loc.gov/standards/marcxml/schema/MARC21slim.xsd"
    xmlns="http://www.loc.gov/MARC21/slim">

  <leader>00586nam a2200193Ia 4500</leader>
  <controlfield tag="001">4205</controlfield>
  <controlfield tag="003">GE_BSU</controlfield>
  <controlfield tag="008">181216s||||||||xx |||||||||||||| ||und||</controlfield>
  <datafield tag="040" ind1=" " ind2=" ">
    <subfield code="c">GE_BSU</subfield>
  </datafield>
  <datafield tag="080" ind1=" " ind2=" ">
    <subfield code="a">665.63</subfield>
  </datafield>
  <datafield tag="245" ind1=" " ind2=" ">
    <subfield code="a">&#x422;&#x435;&#x445;&#x43D;&#x43E;&#x43B;&#x43E;&#x433;&#x438;&#x44F; &#x43F;&#x435;&#x440;&#x435;&#x440;&#x430;&#x431;&#x43E;&#x442;&#x43A;&#x438; &#x43D;&#x435;&#x444;&#x442;&#x438; &#x438; &#x433;&#x430;&#x437;&#x430;. &#x41D;&#x435;&#x444;&#x442;&#x435;&#x445;&#x438;&#x43C;&#x438;&#x44F;: &#x442;&#x440;&#x443;&#x434;&#x44B;, &#x432;&#x44B;&#x43F;&#x443;&#x441;&#x43A; XXV.</subfield>
  </datafield>
  <datafield tag="245" ind1=" " ind2=" ">
    <subfield code="c">&#x420;&#x435;&#x434;. &#x421;.&#x418;.&#x411;&#x430;&#x431;&#x443;&#x448;&#x43A;&#x438;&#x43D;&#x430;.</subfield>
  </datafield>
  <datafield tag="260" ind1=" " ind2=" ">
    <subfield code="a">&#x41C;.</subfield>
  </datafield>
  <datafield tag="260" ind1=" " ind2=" ">
    <subfield code="b">&#x425;&#x438;&#x43C;&#x438;&#x44F;.</subfield>
  </datafield>
  <datafield tag="260" ind1=" " ind2=" ">
    <subfield code="c">1972.</subfield>
  </datafield>
  <datafield tag="300" ind1=" " ind2=" ">
    <subfield code="a">240 &#x441;&#x442;&#x440;. 22 &#x441;&#x43C;.</subfield>
  </datafield>
  <datafield tag="653" ind1=" " ind2=" ">
    <subfield code="a">&#x422;&#x435;&#x445;&#x43D;&#x43E;&#x43B;&#x43E;&#x433;&#x438;&#x44F; &#x43F;&#x435;&#x440;&#x435;&#x440;&#x430;&#x431;&#x43E;&#x442;&#x43A;&#x438; &#x43D;&#x435;&#x444;&#x442;&#x438; &#x438; &#x433;&#x430;&#x437;&#x430;.</subfield>
  </datafield>
  <datafield tag="942" ind1=" " ind2=" ">
    <subfield code="c">BK</subfield>
  </datafield>
  <datafield tag="999" ind1=" " ind2=" ">
    <subfield code="c">38215</subfield>
    <subfield code="d">38215</subfield>
  </datafield>
  <datafield tag="952" ind1=" " ind2=" ">
    <subfield code="0">0</subfield>
    <subfield code="1">0</subfield>
    <subfield code="4">0</subfield>
    <subfield code="7">0</subfield>
    <subfield code="9">39013</subfield>
    <subfield code="d">2018-12-17</subfield>
    <subfield code="p">9513</subfield>
    <subfield code="r">2018-12-17</subfield>
    <subfield code="w">2018-12-17</subfield>
    <subfield code="y">BK</subfield>
    <subfield code="z">&#x10E1;&#x10D0;&#x10EA;&#x10D0;&#x10D5;&#x10D8;</subfield>
  </datafield>
</record>
